000 00421nam a22001577a 4500
003 OSt
005 20220909223842.0
008 220909b |||||||| |||| 00| 0 eng d
040 _cBiblioteca Lado V
082 _a250
_bR257a
110 _aRaw Material Company
245 _aAbsence/
260 _aFrancia
_bRaw Material Company
_c2012
300 _a61p.
_c14x19cm
942 _2ddc
_c1
_h250
_iR257a
_n0
999 _c1994
_d1994